000 01804nam a2200409Ia 4500
001 dia_6347
003 CHAP
005 20251023160706.0
008 220117s2010 xx 000 0 und d
010 _a177771
020 _a978-607-7533-80-1 (v.1) \ 978-607-7533-96-2 (v.2) \ 978-607-715-022-0 (v.3)
040 _cCHAP
082 _a635.62 R47 2010-2011
110 _aGrupo Interdisciplinario de Investigación en Sechium edule en México, A. C.
_9162078
245 _aRescatando y aprovechando los recursos fitogenéticos de Mesoamérica : chayote /
_c Jorge Cadena Iñiguez...[et al.]
260 _aMéxico :
_b GISeM :,
_b Colegio de Postgraduados,
_c2010
300 _a3 v.
504 _aIncluyen bibliografías
590 _aSB351.C43 R47 2010-2011
650 _aSechium edule
_xAspectos económicos
_xMéxico
_9162079
650 _aSechium edule
_xAspectos sociales
_xMéxico
_9162080
650 _aSechium edule
_xCalidad del producto
_9162081
650 _aSechium edule
_xEconomical aspects
_xMexico
_9162082
650 _aSechium edule
_xEnfermedades postcosecha
_9162083
650 _aSechium edule
_xPostharvest diseases 1Sechium edule
_xPostharvest treatment 1
_9162084
650 _aSechium edule
_xPreservación
_9162085
650 _aSechium edule
_xPreservation
_9162086
650 _aSechium edule
_xProduct quality
_9162087
650 _aSechium edule
_xSocial aspects
_xMexico
_9162088
650 _aSechium edule
_xTratamiento postcosecha
_9162089
700 _aCadena Iñiguez, Jorge, coaut.
_9162090
710 _aGrupo Interdisciplinario de Investigación en Sechium edule en México, A. C.
_9162078
901 _a635.62 R47 2010-2011
902 _aA
905 _a5222272010-2011 mx aimn8222223322spa16
942 _cLIBRO
_2ddc
999 _c177771
_d177771